| 000 | 00879pam a2200265 a 4500 | ||
|---|---|---|---|
| 005 | 20260322212038.0 | ||
| 008 | data | ||
| 010 | _a84014372 | ||
| 020 | _a0070585733 : | ||
| 020 | _a9780070585737 : | ||
| 043 | _an-us--- | ||
| 050 | 0 |
_aE743 _b.S58 1985 |
|
| 092 | _a973.19 S58 1985 | ||
| 100 | 1 | _aSmith, Page. | |
| 245 | 1 | 0 |
_aAmerica enters the world : _ba people's history of the Progressive Era and World War I / _cPage Smith. |
| 260 |
_aNew York : _bMcGraw-Hill, _cc1985. |
||
| 300 |
_axiii, 1089 p., [10] p. of plates : _bill., maps ; _c24 cm. |
||
| 500 | _a"Volume seven" of the author's history of the United States. | ||
| 500 | _aMaps on lining papers. | ||
| 500 | _aIncludes index. | ||
| 650 | 0 | _aProgressivism (United States politics) | |
| 650 | 0 |
_aWorld War, 1914-1918 _zUnited States. |
|
| 651 | 0 |
_aUnited States _xPolitics and government _y1865-1933. |
|
| 001 | data | ||
| 999 |
_c883 _d883 |
||